00777nam a2200253 a 4500001001300000003000900013005001700022008004100039020002300080082001500103100001800118245005900136260004400195300000900239500003500248505002400283650001600307650002100323700001800344902000800362942000700370952013100377999001500508nice12345678IN_TiNIC20260116012739.0050524s1992 lona grp 000 0 eng  a0192278 c10000a297.7bPOS aPoston, Larry aIslamic Dawah in the Westb Muslim Missionary Activity aLondan bOxford University Press c1992 a220p aincludes index and biblioraphy2 aBibliography, Index aDawah-Islam aIslam-Conversion1 aPoston, Larry bSRS cBK 001040708StackRoom-aHMIbHMId2007-07-12g100.00l1m1o297.7 POSp014749r2022-04-18s2022-01-21v100.00w2005-05-24yBK c8205d8205